Filozofia Jana Amosa Komenského

Salvato in:
Dettagli Bibliografici
Autore principale: Popelová, Jiřina
Natura: Libro
Lingua:slovacco
Pubblicazione: Bratislava Pravda 1986
Tags: Aggiungi Tag
Nessun Tag, puoi essere il primo ad aggiungerne!!

MARC

LEADER 00000nam a2200000 4500
001 c104216
005 20250522124518.5
041 0 |a slo 
044 |a SK 
245 1 0 |a Filozofia Jana Amosa Komenského  |c Jiřina Popelová 
264 1 |a Bratislava  |b Pravda  |c 1986 
300 |a 231 s. 
100 1 |a Popelová, Jiřina